000 00573nam a22002057a 4500
999 _c7916
_d7916
003 OSt
005 20220801114636.0
008 220801b ||||| |||| 00| 0 eng d
020 _a9788337691017
028 _bpurchase
040 _cddc
082 _a658.1 MAY 2018
100 _aMayo,Herbert
_916087
245 _aAn introduction to Financial Institutions, Investments, And Management
260 _aCanada;
_bSouthwestern:
_c2018
300 _axiii,604p;
_bill:
_c25cm
504 _aGlossary,Appendix and index included
650 _aFinance
_95401
942 _2ddc
_cBOOK